Normal view
MARC view
Entry Topical Term
001 - CONTROL NUMBER
- control field: 61135
003 - CONTROL NUMBER IDENTIFIER
- control field: OSt
005 - DATE AND TIME OF LATEST TRANSACTION
- control field: 20221105101310.0
008 - FIXED-LENGTH DATA ELEMENTS
- fixed length control field: 221105|| aca||aabn | a|a d
040 ## - CATALOGING SOURCE
- Original cataloging agency: OSt
- Transcribing agency: OSt
150 ## - HEADING--TOPICAL TERM
- Topical term or geographic name entry element: Chemistry
670 ## - SOURCE DATA FOUND
- Source citation: Work cat.: (OSt)127871: BABOR (Joseph A) 61134, General college chemistry, 1947